000 00780nam a22003130a 4500
001 PT60926
003 AR-LpoUNG
005 20210131232018.0
008 191001s2007||||ag |||||||||||||||||spa d
020 _a9789500834308
_c$10
040 _aAR-LpoUNG
_bspa
_cAR-LpoUNG
_eaacr
041 _aspa
044 _aag
082 0 _a808.068 3 422arc
100 1 _aVega, Graciela
245 1 3 _aEl arca de Noé
250 _a1ra.ed.
260 _aBuenos Aires :
_bAtlántida,
_c2007.
300 _a32 p. :
_bil.
505 0 _aSugerido a partir de 10 años (etiqueta VIOLETA)
650 4 _aCUENTOS
650 4 _aLITERATURA
650 4 _aRELIGION
653 _aBIBLIA
653 _aLITERATURA INFANTIL
700 1 _aOlmos, José
_eil.
905 _a60926
942 _cLIB
999 _c13218
_d13218